| 000 | 01289nam a22002177a 4500 | ||
|---|---|---|---|
| 999 |
_c8633 _d8633 |
||
| 003 | GBCCL | ||
| 005 | 20241126110654.0 | ||
| 008 | 210510b ||||| |||| 00| 0 eng d | ||
| 020 | _a0268015023 | ||
| 020 | _a9780268015022 | ||
| 040 | _cGBC | ||
| 082 |
_a123.5 _bONF |
||
| 245 |
_aOn freedom / _cedited by Leroy S. Rouner. |
||
| 260 |
_aNotre Dame, Ind. : _bUniversity of Notre Dame Press, _c©1989. |
||
| 300 |
_axv, 200 pages ; _b24 cm. |
||
| 490 |
_aBoston University studies in philosophy and religion, _vv. 10. |
||
| 505 | _a Incarnation and determinate freedom / Nicholas Lash -- Is Protestantism the "religion of freedom"? / Jürgen Moltmann -- Freedom, the self, and the other / David W. Tracy -- Freedom, tolerance, and Puritan commitment / Robert C. Neville -- Freedom as self-determination / John E. Smith -- Freedom and the State / Frithjof Bergmann -- Science, theology, and freedom: a new look at the Galileo case / James R. Langford -- Freedom as action in Indian philosophy / J.N. Mohanty -- Social structures and structural ethics / Louis Dupré -- Evading the shadows: Freedom and the social world / Ruth L. Smith -- Mass death and autonomous selves / Edith Wyschogrod. | ||
| 650 |
_aFreedom ( Theology ) _910596 |
||
| 650 |
_aLiberty _94078 |
||
| 942 |
_2ddc _cBK _03 |
||